Androcles and the lion : (Record no. 20027)

MARC details
000 -LEADER
fixed length control field 00834cam a2200265 a 4500
001 - CONTROL NUMBER
control field 16732593
003 - CONTROL NUMBER IDENTIFIER
control field BDDh-ASL
005 - DATE AND TIME OF LATEST TRANSACTION
control field 20231015025833.0
008 - FIXED-LENGTH DATA ELEMENTS--GENERAL INFORMATION
fixed length control field 110412s19491951mdu 000 0 eng
010 ## - LIBRARY OF CONGRESS CONTROL NUMBER
LC control number 2011656426
040 ## - CATALOGING SOURCE
Original cataloging agency DLC
Transcribing agency DLC
Modifying agency BDDh-ASL
042 ## - AUTHENTICATION CODE
Authentication code pcc
050 00 - LIBRARY OF CONGRESS CALL NUMBER
Classification number PR5363
Item number .A15 1951
082 ## - DEWEY DECIMAL CLASSIFICATION NUMBER
Classification number 220
Item number BEA
100 1# - MAIN ENTRY--PERSONAL NAME
Personal name Shaw, Bernard,
Dates associated with a name 1856-1950.
245 10 - TITLE STATEMENT
Title Androcles and the lion :
Remainder of title an old fable renovated /
Statement of responsibility, etc. by Bernard Shaw.
260 ## - PUBLICATION, DISTRIBUTION, ETC.
Place of publication, distribution, etc. Baltimore :
Name of publisher, distributor, etc. Penguin Books,
Date of publication, distribution, etc. 1949.
300 ## - PHYSICAL DESCRIPTION
Extent 159 p. ;
Dimensions 18 cm.
490 0# - SERIES STATEMENT
Series statement Penguin books ;
Volume/sequential designation 5
561 ## - OWNERSHIP AND CUSTODIAL HISTORY
Institution to which field applies DLC
710 2# - ADDED ENTRY--CORPORATE NAME
Corporate name or jurisdiction name as entry element Rouben Mamoulian Collection (Library of Congress)
Institution to which field applies DLC
906 ## - LOCAL DATA ELEMENT F, LDF (RLIN)
a 7
b cbc
c orignew
d 2
e ncip
f 20
g y-gencatlg
942 ## - ADDED ENTRY ELEMENTS (KOHA)
Source of classification or shelving scheme Dewey Decimal Classification
Koha item type Books
Holdings
Withdrawn status Lost status Source of classification or shelving scheme Damaged status Not for loan Collection code Home library Current library Shelving location Date acquired Source of acquisition Total Checkouts Full call number Barcode Date last seen Copy number Price effective from Koha item type Public note
    Dewey Decimal Classification   Not For Loan Non-fiction Asiatic Society Library Asiatic Society Library General Stacks 12/24/2020 Donated by Prof. A. F. A. Husain   220 BEA 103430 12/24/2020 C-1 12/24/2020 Books RARE

Powered by Koha